Statistics for People by native language #3

Click here to take the quiz!

General Stats

  • This quiz has been taken 37 times
  • The average score is 12 of 20

Answer Stats

HintAnswer% Correct
Anne FrankDutch
100%
Garry KasparovRussian
89%
BjörkIcelandic
86%
Kim Il-sungKorean
86%
Muammar GaddafiArabic
83%
Pope John Paul IIPolish
80%
Mustafa Kemal AtatürkTurkish
77%
Tupac ShakurEnglish
71%
Antoni GaudíCatalan
60%
Václav HavelCzech
60%
John CalvinFrench
57%
Dean MartinItalian
49%
Bela LugosiHungarian
43%
Desmond TutuXhosa
43%
Jean SibeliusSwedish
40%
CharlemagneFranconian
37%
Harry HoudiniGerman
37%
Narendra ModiGujarati
31%
Marc ChagallYiddish
20%
Barack Obama Sr.Luo
14%

Score Distribution

Percentile by Number Answered

Percent of People with Each Score

Your Score History

You have not taken this quiz